Movies Quiz

Random Movies or Clickable Quiz

Almost Useless Movie Trivia VI Quiz Stats

Quiz Updated Jun 25, 2015

Challenge
Share
Tweet
Embed
Score 0/22 Timer 07:00
2 Plays Today
% Correct
Toy Story
96.8%
Pirates of the Caribbean: The Curse of the Black Pearl
95%
The Hunger Games
93.3%
Zero Dark Thirty
92.3%
The Jungle Book
91.6%
Jerry Maguire
89.2%
Gangs of New York
88.4%
A League of Their Own
85.8%
Almost Famous
83.8%
Misery
82%
Halloween
78.6%
% Correct
Midnight in Paris
78.2%
Edge of Tomorrow
77.6%
Shakespeare in Love
77.2%
No Country for Old Men
77.1%
Memento
76.9%
Tropic Thunder
74.8%
Dazed and Confused
72.5%
Jackie Brown
63.8%
The Deer Hunter
63.1%
Snatch
60.7%
Traffic
55%

You're not logged in!

Compare scores with friends on all Sporcle quizzes.
Join for Free
OR
Log In

You Might Also Like...

Show Comments

Extras

Top Quizzes Today


Score Distribution

Your Account Isn't Verified!

In order to create a playlist on Sporcle, you need to verify the email address you used during registration. Go to your Sporcle Settings to finish the process.

Report this User

Report this user for behavior that violates our Community Guidelines.

Details: